| 000 | 01044cam a22003137a 4500 | ||
|---|---|---|---|
| 003 | CHAP | ||
| 005 | 20220329134230.0 | ||
| 008 | 971013s r 00010 d | ||
| 010 | _a17341 | ||
| 011 | _a18313 | ||
| 035 | _a22398 | ||
| 040 | _cCHAP | ||
| 090 | _aFolleto 9571 | ||
| 100 | 0 | 0 |
_aHuguet, Louis. _956817 |
| 245 | 0 | _aForestación y reforestación en México | |
| 260 |
_aMéxico, D.F. : _bAsociación Mexicana de Profesionistas Forestales, _c(s.a.) |
||
| 300 | _a28 p. | ||
| 500 | _aIncluye: Declaración de principios de la Asociación de Profesionistas Forestales | ||
| 590 |
_aBATCH-UPD _b10 _c20130110 _lUCH01 _h1727 |
||
| 590 |
_aBATCH-UPD _b10 _c20130410 _lUCH01 _h1109 |
||
| 590 |
_aBATCH-UPD _b10 _c20130914 _lUCH01 _h0709 |
||
| 590 |
_aCONVERSION _b10 _c20130109 _lUCH01 _h1311 |
||
| 650 | 1 | 4 |
_aBosques _xMéxico. _914341 |
| 650 | 1 | 4 |
_aReforestación. _995474 |
| 901 | _aBK | ||
| 942 | _cFOLL | ||
| 949 |
_aFolleto 9571 _bBC _cBPP _d-52409 _eBPP _i22398 _mD _si |
||
| 949 |
_aFolleto 9571 _bBC _cBPP _d-52410 _eBPP _fc.2 _i22398 _mD _si |
||
| 999 |
_c17341 _d17341 |
||